| 000 | 01130 a2200253 4500 | ||
|---|---|---|---|
| 003 | Nust | ||
| 005 | 20221129135540.0 | ||
| 010 | _a 2001021253 | ||
| 020 | _a0130200719 | ||
| 040 | _cNust | ||
| 082 | _a519.2, STA | ||
| 100 | 1 |
_aStark, Henry _965918 |
|
| 245 | 1 | 0 |
_aProbability and random processes with applications to signal processing / _cHenry Stark and John W. Woods. |
| 250 | _a3rd ed. | ||
| 260 |
_aUpper Saddle River, N.J. : _bPrentice Hall, _cc2002. |
||
| 300 |
_axv, 689 p. : _bill. ; _c24 cm. |
||
| 505 | _aIntroduction to Probability (Page-1), Random Variables (Page-58), Functions of Research Variables (Page-115), Expectation and Introduction to Estimation (Page-169), Random Vectors and Parameter Estimation (Page-244), Random Sequences (Page-304), Random Process (Page-401), Advanced Topics in Random Processes (Page-487), Applications to Statistical Processing (Page-552). | ||
| 650 | 0 | _aProbabilities. | |
| 650 | 0 |
_aSignal processing _xMathematics. _994002 |
|
| 650 | 0 | _aStochastic processes. | |
| 700 | 1 |
_aStark, Henry, _d1938- _9103775 |
|
| 700 | 1 |
_aWoods, John W. _d1943- _9103776 |
|
| 942 |
_2ddc _cBK |
||
| 999 |
_c208641 _d208641 |
||